| 000 | 00855nam a22002417a 4500 | ||
|---|---|---|---|
| 999 |
_c18498 _d18498 |
||
| 003 | AR-CdUCM | ||
| 008 | 190514b ||||| |||| 00| 0 spa d | ||
| 020 | _a8434407337 | ||
| 040 |
_aMUNICIPALIDAD PROVINCIAL DEL CUSCO _cBIBLIOTECA MUNICIPAL DEL CUSCO |
||
| 041 | _heng. | ||
| 082 |
_a401 / _bS31 |
||
| 100 |
_aSchaff, Adam _937756 |
||
| 245 | _aEnsayos sobre filosofía del lenguaje / | ||
| 260 |
_aBarcelona : _bAriel, _c1968. |
||
| 300 |
_a247 paginas ; _c19 cm. |
||
| 505 | _aContenido :Sobre la necesidad de una investigación --Sobre la la peculiaridad del signo lingüístico --El lenguaje de las personas y el lenguaje de los animales ... | ||
| 650 |
_aLenguaje _95227 |
||
| 650 |
_aAcción humana _939120 |
||
| 650 |
_aAnimales _9917 |
||
| 700 |
_aFeliu Formosa (traducción) _939121 |
||
| 942 |
_2ddc _cLIBROS |
||
| 945 |
_arjall _d2019-05-14 |
||